Catalog

Record Details

Catalog Search



První list Petrův  Cover Image Book Book

První list Petrův / Jan A. Dus

Dus, Jan Amos, 1966- (Commentator for written text).

Record details

  • ISBN: 978-80-7545-064-7
  • Physical Description: 308 stran ; 23 cm
  • Edition: 1. vydání
  • Publisher: Praha : Centrum biblických studií AV ČR a UK v Praze ve spolupráci s Českou biblickou společností, 2017

Content descriptions

Bibliography, etc. Note:
Obsahuje bibliografii, bibliografické odkazy a rejstřík
Subject: Bible. List Petrův, 1.
Bible. Česky. Ekumenický překlad
Bible. Peter, 1st
Bible. Czech. Ekumenický překlad
biblické texty
biblická exegeze
biblická teologie
biblická interpretace
biblické překlady
textová analýza
Biblical texts
Biblical exegesis
Biblical theology
Biblical interpretation
Biblical translations
textual criticism
Genre: texty
komentáře
texts
commentaries

Available copies

  • 2 of 2 copies available at Common Catalog SPOK.

Holds

  • 0 current holds with 2 total copies.
Show Only Available Copies
Location Call Number / Copy Notes Barcode Shelving Location Status Due Date
ETS Library 220.77 424470017321 Volný výběr Available -
Jabok Library NZ-3.4
Pořízeno z projektu Inovace VOV: CZ.02.3.68/0.0/0.0/16_041/0008052
424480043150 Odborná literatura Available -

LDR 02501nam a2200685 i 4500
00145895
003CZ-PrJAB
00520200713081811.0
007ta
008180103s2017 xr e 001 0dcze
015 . ‡acnb002964789
020 . ‡a978-80-7545-064-7 ‡q(Česká biblická společnost ; ‡qbrožováno)
035 . ‡a(CZ PrNK)nkc20182964789
035 . ‡a(OCoLC)1028194847
040 . ‡aOLA001 ‡bcze ‡erda
072 7. ‡a2-23/-27 ‡xBible. Biblistika ‡2Konspekt ‡95
080 . ‡a27-248.78 ‡2MRF
080 . ‡a27-232/-236 ‡2MRF
080 . ‡a27-277.2 ‡2MRF
080 . ‡a27-278 ‡2MRF
080 . ‡a27-277 ‡2MRF
080 . ‡a27-234 ‡2MRF
080 . ‡a801.73 ‡2MRF
080 . ‡a(0:82-9) ‡2MRF
080 . ‡a(0.072) ‡2MRF
1001 . ‡aDus, Jan Amos, ‡d1966- ‡7kpwa3772 ‡4cwt
24510. ‡aPrvní list Petrův / ‡cJan A. Dus
250 . ‡a1. vydání
264 1. ‡aPraha : ‡bCentrum biblických studií AV ČR a UK v Praze ve spolupráci s Českou biblickou společností, ‡c2017
300 . ‡a308 stran ; ‡c23 cm
336 . ‡atext ‡btxt ‡2rdacontent
337 . ‡abez média ‡bn ‡2rdamedia
338 . ‡asvazek ‡bnc ‡2rdacarrier
4901 . ‡aČeský ekumenický komentář ke Starému zákonu ; ‡vsvazek 18
504 . ‡aObsahuje bibliografii, bibliografické odkazy a rejstřík
63007. ‡aBible. ‡pList Petrův, 1. ‡7unn2006374696 ‡2czenas
63007. ‡aBible. ‡lČesky. ‡sEkumenický překlad ‡7unn2008497858 ‡2czenas
63009. ‡aBible. ‡pPeter, 1st ‡2eczenas
63009. ‡aBible. ‡lCzech. ‡sEkumenický překlad ‡2eczenas
65007. ‡abiblické texty ‡7ph118860 ‡2czenas
65007. ‡abiblická exegeze ‡7ph118844 ‡2czenas
65007. ‡abiblická teologie ‡7ph118851 ‡2czenas
65007. ‡abiblická interpretace ‡7ph118847 ‡2czenas
65007. ‡abiblické překlady ‡7ph115820 ‡2czenas
65007. ‡atextová analýza ‡7ph126628 ‡2czenas
65009. ‡aBiblical texts ‡2eczenas
65009. ‡aBiblical exegesis ‡2eczenas
65009. ‡aBiblical theology ‡2eczenas
65009. ‡aBiblical interpretation ‡2eczenas
65009. ‡aBiblical translations ‡2eczenas
65009. ‡atextual criticism ‡2eczenas
655 7. ‡atexty ‡7fd133699 ‡2czenas
655 7. ‡akomentáře ‡7fd132578 ‡2czenas
655 9. ‡atexts ‡2eczenas
655 9. ‡acommentaries ‡2eczenas
7300 . ‡aBible. ‡pList Petrův, 1. ‡lČesky ‡7unn2007391344
830 0. ‡aČeský ekumenický komentář ke Starému zákonu
910 . ‡aABG450
910 . ‡aABG312
995 . ‡aska
901 . ‡a45895 ‡bCZ PrNK ‡c45895 ‡tbiblio

Additional Resources